| 000 | 00497nam a2200121Ia 4500 | ||
|---|---|---|---|
| 008 | 170221s9999 xx 000 0 und d | ||
| 100 | _aNatalia Mikhaylovna Aleksandrova | ||
| 245 | 4 | _aThe Study of Teachers’ Activity in Vocational Education as a Scientific Problem | |
| 245 | _cNatalia Mikhaylovna Aleksandrova, Polina Vadimovna Guseva | ||
| 260 | _bInternational Review of Management and Marketing | ||
| 650 | _xMarketing. | ||
| 856 | _uhttp://www.econjournals.com/index.php/irmm/issue/view/75 | ||
| 999 |
_c312404 _d312404 |
||